000 00697 a2200217 4500
999 _c8283
_d8283
010 _aENG-88379
020 _a9788120332966
_c225.00
035 _aEN-71912
037 _bDBAD / PUB
082 1 4 _a621.4021
100 1 _aSrivastava, R.C.
245 1 _aThermodynamics:
_cby R.C. Srivastava, Subit K.Saha [and] Abhay K.Jain
_ba core course/
250 _a3rd ed
260 _aNew Delhi
_bPrentice-Hall of India
_c2007
270 _aM-97, Connaught Circus,
_bNew Delhi
_e110 001
300 _axiii, 316p.
_c24cm (pbk)
500 _aIncludes bibliographical references and index
700 _aSaha, Subit K.
700 _aJain, Abhay K.
942 _adpl
_cEN
_2ddc
_h621.4021
_mSRI